Central Library OPAC University of Rajshahi

A laboratory course in physics / (Record no. 8661)

MARC details
000 -LEADER
fixed length control field 00876cam a22002652 4500
001 - CONTROL NUMBER
control field 8661
003 - CONTROL NUMBER IDENTIFIER
rucl marc code BD-RjUL
005 - DATE AND TIME OF LATEST TRANSACTION
control field 20211208234628.0
008 - FIXED-LENGTH DATA ELEMENTS--GENERAL INFORMATION
fixed length control field 140119t1965 c a b 001 0 eng
035 ## - SYSTEM CONTROL NUMBER
System control number (BD-RjUL)8706
040 ## - CATALOGING SOURCE
Original cataloging agency DLC
Transcribing agency DLC
Modifying agency EQO
-- BD-RjUL
Language of cataloging eng
041 ## - LANGUAGE CODE
Language code of text/sound track or separate title eng
082 04 - DEWEY DECIMAL CLASSIFICATION NUMBER
Classification number 530.028
Edition number 16
Author mark and year LIL 1965
100 1# - MAIN ENTRY--PERSONAL NAME
Personal name Livesey, Derek L.
Fuller form of name (Derek Leonard),
Dates associated with a name 1923-
9 (RLIN) 26979
245 12 - TITLE STATEMENT
Title A laboratory course in physics /
Statement of responsibility, etc. [by] D. L. Livesey, G. H. Cannon, T. Ryniak; line drawings by Don Hayward.
260 ## - PUBLICATION, DISTRIBUTION, ETC. (IMPRINT)
Place of publication, distribution, etc. Toronto :
Name of publisher, distributor, etc. copp pub.,
Date of publication, distribution, etc. 1965.
300 ## - PHYSICAL DESCRIPTION
Pagination V-2 (ix, 186 p.) :
Illustrations illus., diagrs. ;
Size 23 1/2 cm.
504 ## - BIBLIOGRAPHY, ETC. NOTE
Bibliography, etc Includes bibliographical reference and index.
650 #0 - SUBJECT ADDED ENTRY--TOPICAL TERM
Topical term or geographic name as entry element Physics
Form subdivision Laboratory manuals.
9 (RLIN) 25535
700 1# - ADDED ENTRY--PERSONAL NAME
Personal name Cannon, G. H.
Personal name Ryniak, T.
942 ## - ADDED ENTRY ELEMENTS (KOHA)
Source of classification or shelving scheme Dewey Decimal Classification
Koha item type Books
Holdings
Lost status Source of classification or shelving scheme Materials specified (bound volume or other part) Damaged status Not for loan Collection code Permanent Location Current Location Shelving location Date acquired Source of acquisition Total Checkouts Full call number Date last seen Copy number Koha item type
  Dewey Decimal Classification V-2   Not For Loan Non-fiction Central Library, University of Rajshahi Central Library, University of Rajshahi   11/03/1974 Canada gift   530.028 LIL 1965 19/01/2014 C-1 Books